000 00327nam a2200109 4500
999 _c14037
_d14037
008 190730b ||||| |||| 00| 0 eng d
245 _aBeware of testimonials on herbal cure for cancer.
260 _aPhilippines:
_bPhilippine Daily Inquirer;
_cc2019.
300 _apage A11.
650 0 _939031
_aTherapeutics.
942 _2ddc
_cPER